000 01086nam a2200217Ia 4500
999 _c34402
_d34402
001 98
003 GE_BSU
005 20210225150004.0
008 181216s2000||||ge |||||||||||||| ||geo||
020 _a9992883545
040 _cGE_BSU
041 _ageo
080 _a911.2(479.22) ს–32
245 _aსაქართველოს გეოგრაფია [2 ნაწილად] :
_bნაწილი I : ფიზიკური გეოგრაფია /
_c საქ. მეცნ. აკად., გეოგრაფიის ინ-ტი ; [სარედ. კოლ.: ზურაბ ტატაშიძე (მთ. რედ.) და სხვ.].
264 _aთბილისი :
_bმეცნიერება,
_c2000.
300 _a315 გვ.
_b25სმ.
653 _aსაქართველოს გეოგრაფია
653 _a საქართველოს ფიზიკური გეოგრაფია
700 _aტატაშიძე, ზურაბ
_eრედაქტორი
_910239
942 _cBK
_2udc